Представление документа в формате RUSMARC

ПолеНазваниеЗначение
  Тип записи a
  Библиографический уровень m
001 Контрольный номер 3c3d80d8c1ad4bd9af51c5bec0c58a22
005 Дата корректировки 20140603115311.1
010 Индекс ISBN __
a ISBN 978-5-238-01370-1
101 Язык документа 0_
a Язык текста rus
102 Страна публикации __
a Страна публикации RU
200 Заглавие и сведения об ответственности 1_
a Заглавие Международное право
e Сведения, относящиеся к заглавию учеб. для вузов
f Первые сведения об ответственности ред. К. К. Гасанов
210 Выходные данные 1_
c Издательство ЮНИТИ
a Место издания М.
d Дата издания 2008
215 Физическое описание __
a Объем 407, [1] с.
225 Серия 2_
a Серия Закон и право
300 Общие примечания __
a Общие примечания гриф МО
610 Ключевые слова 0_
a Ключевые слова международное право
610 Ключевые слова 0_
a Ключевые слова международные организации
610 Ключевые слова 0_
a Ключевые слова международные конференции
610 Ключевые слова 0_
a Ключевые слова международные договора
610 Ключевые слова 0_
a Ключевые слова ответственность
610 Ключевые слова 0_
a Ключевые слова внешние сношения
610 Ключевые слова 0_
a Ключевые слова государственная территория
610 Ключевые слова 0_
a Ключевые слова морское право
610 Ключевые слова 0_
a Ключевые слова воздушное право
610 Ключевые слова 0_
a Ключевые слова космическое право
610 Ключевые слова 0_
a Ключевые слова права человека
610 Ключевые слова 0_
a Ключевые слова уголовное право
610 Ключевые слова 0_
a Ключевые слова международная безопасность
610 Ключевые слова 0_
a Ключевые слова гуманитарное право
610 Ключевые слова 0_
a Ключевые слова экологическое право
610 Ключевые слова 0_
a Ключевые слова экономическое право
610 Ключевые слова 0_
a Ключевые слова учебник
686 Индексы других классификаций __
a Классификационный индекс 67.91я73
2 Код системы rubbk
702 Вторичная интеллектуальная ответственность _1
a Фамилия Гасанов
b Имя К. К.
4 Код отношения 340
801 Источник записи _0
a Страна RU
b Организация РУК
c Дата составления 20100115
g Правила каталогизации PSBO
801 Источник записи _1
a Страна RU
b Организация РУК
c Дата составления 20100115
g Правила каталогизации PSBO
852 Данные о местонахождении __
j Шифр хранения ББК 67
i Авторский знак М 43
901 Тип документа __
t Тип документа m
938 Служебная информация __
a Название организации Головной вуз
b Имя БД BOOK
c Название АИБС АИБС ИРБИС